00301nam a2200109Ia 4500008004000000082001300040100001900053245003300072260004800105300000800153650003000161210210b1969 xxu||||| |||| 00| 0 eng d a338 KUCI aKUCHHAL (S C). aIndustrial economy of India. aAllahabadbChaitanya Publishing Housec1969 a636 aIndian industrial economy